En defensa de nuestro planeta : ecología y medio ambiente /
Guardado en:
| Autor Principal: | |
|---|---|
| Formato: | Libro |
| Publicado: |
Buenos Aires :
Policial
|
| Materias: | |
| Etiquetas: |
Agregar Etiqueta
Sin Etiquetas, Sea el primero en etiquetar este registro!
|
| LEADER | 00903nam a22002295a 4500 | ||
|---|---|---|---|
| 001 | CEM.cems011592 | ||
| 005 | 20071022114553.0 | ||
| 008 | 130507b######################000#0#####d | ||
| 003 | CEMS | ||
| 020 | |a 950971439 | ||
| 082 | 0 | 4 | |a 574.5 |
| 100 | 1 | |a Schroh, María Beatríz | |
| 245 | 1 | 0 | |a En defensa de nuestro planeta : |b ecología y medio ambiente / |c María Beatríz Schroh |
| 260 | |a Buenos Aires : |b Policial | ||
| 300 | |a 176 p. | ||
| 505 | 0 | |a La biósfera -- Nociones de ecología -- ambientes biológicos -- La contaminación -- La protección del ambiente -- Estado ambiental de la argentina -- | |
| 653 | |a Medio ambiente | ||
| 653 | |a Ecología | ||
| 653 | |a Contaminación | ||
| 859 | |a CEMS |b BIB. CEMS - 11 de abril |h 574.5 |i SCH67 |p 22559.04 |t Ej.1 | ||
| 859 | |a CEMS |b BIB. CEMS - 11 de abril |h 574.5 |i SCH67 |p 22560.04 |t Ej.2 | ||
| 859 | |a CEMS |b BIB. CEMS - 11 de abril |h 574.5 |i SCH67 |p 22561.04 |t Ej.3 | ||
